000 01245cam a2200385 i 4500
001 23121838
003 OSt
005 20230718113003.0
008 230510s2023 ke a b 001 0aeng
010 _a 2023320366
020 _a9789914491746
020 _a9789914491753
040 _aDLC
_beng
_erda
_cDLC
042 _alcode
_apcc
043 _af-ke---
050 0 0 _aDT433.582.A34
_bA3 2023
082 _a012
_bDUA
100 0 _aAden Duale,
_d1967-
_eauthor.
245 1 0 _aFor The Record
_cAden Duale.
246 1 4 _aFor The Record :
_bThe Inside Story of Power, Politics, Lawmaking & Leadership in Kenya
250 _aFirst edition.
264 1 _a[Nairobi] :
_b[publisher not identified],
_c2023.
300 _a371 pages :
_bcolor illustrations ;
_c25 cm
336 _atext
_btxt
_2rdacontent
337 _aunmediated
_bn
_2rdamedia
338 _avolume
_bnc
_2rdacarrier
500 _aLC copy signed by author.
_5DLC
504 _aIncludes bibliographical references and index.
600 0 0 _aAden Duale,
_d1967-
650 0 _aPoliticians
_zKenya
_vBiography.
651 0 _aKenya
_xPolitics and government.
906 _a7
_bcbc
_corigode
_d2
_encip
_f20
_gy-gencatlg
942 _2ddc
_cBK
999 _c10
_d10